• 首页
  • 本馆介绍
  • 公告通知
  • 最新文献
  • 馆藏检索
  • 电子资源
  • 读者导购
  • 参考咨询
  • 我的图书馆
  • 登录
  • 详细信息显示
  • 放入我的书架
  • 预约/预借图书
  • 作者相关作品
  • 分类相关作品
  • 丛书相关作品
  • 出版社相关作品

书目信息

  • 表格格式
  • 工作单格式
  • 卡片格式
题名:
医学新知识
    
 
作者: ;《国外科技消息》编辑组 编
分册:  
出版信息: 上海   上海科学技术文献出版社  1978
页数: 76页
开本: 26cm
丛书名:
单 册:
中图分类: R-11
科图分类:
主题词: 医药学--进展--世界
电子资源:
ISBN:
000 00689nam0 2200229 45
001 0178000405
005 20060913104354.90
010    @dCNY0.55
091    @a14192.1
100    @a19950804d1978 emky0chiy0121 ea
101 0  @achi
102    @aCN@b310000
105    @ay z 000yy
200 10 @a医学新知识@Ayi xue xin zhi shi@f《国外科技消息》编辑组编@F《guo wai ke ji xiao xi》bian ji zu bian
210    @a上海@c上海科学技术文献出版社@d1978
215    @a76页@d26cm
300    @a国外医学参考资料
606    @a医药学@x进展@y世界
690    @aR-11@v3
711  0 @a《国外科技消息》编辑组@A《guo wai ke ji xiao xi》bian ji zu@4编
801  0 @aCN@bTSSF@c20060913
905    @a10447@dR-11@e14
    
    医学新知识/《国外科技消息》编辑组编.-上海:上海科学技术文献出版社,1978
    76页;26cm
    国外医学参考资料
    
    ISBN :CNY0.55
    
●
相关链接 在E读中查询图书 在五车中查询图书 在当当中查询图书 在豆瓣中查询图书


正题名:医学新知识     索取号:R-11/14         预约/预借

序号 登录号 条形码 馆藏地/架位号 状态 备注
1 0002627   202293295   密集书库/ [索取号:R-11/14] 在馆    
2 0002628   202360024   密集书库/ [索取号:R-11/14] 在馆    
3 0002629   202359982   密集书库/ [索取号:R-11/14] 在馆    
4 0470502   204705024   密集书库/ [索取号:R-11/14] 在馆    
5 0470503   204705033   密集书库/ [索取号:R-11/14] 在馆    
唐山师范学院图书馆 欢迎您!
大连网信软件有限公司© 版权所有